| 000 | 00781nam a2200241 a 4500 | ||
|---|---|---|---|
| 005 | 20240925065334.0 | ||
| 008 | 021107s2000 es r 000 0 spa d | ||
| 020 | _a8471124440 | ||
| 035 | _aUPN01000120837 | ||
| 049 | _aCG | ||
| 050 | 4 |
_aLC192.2 _bE6.78 |
|
| 100 | 1 |
_aEpstein, Debbie, _d1945- |
|
| 245 | 1 | 0 |
_aSexualidades e institución escolar / _cDebbie Epstein, Richard Johnson ; tr. Roc Filella. |
| 260 |
_aMadrid : _bMorata : _bFundación Paídeia, _c2000. |
||
| 300 | _a231 p. | ||
| 440 | 0 |
_aPedagogía. _pEducación crítica |
|
| 534 |
_pTraducción de : _tSchooling sexualities |
||
| 650 | 4 |
_aEducación _xAspectos sociales _95311 |
|
| 650 | 4 |
_aEducación sexual _97445 |
|
| 650 | 2 |
_aSexualidad _97977 |
|
| 700 | 1 |
_aJohnson, Richard, _d1939- , _ecoaut. |
|
| 905 | _aLibro | ||
| 999 |
_c93171 _d93171 |
||